[Event "Leiden SB-ch"]
[Site "Leiden"]
[Date "2012.06.19"]
[Round "6"]
[White "Van den Berg, Ad"]
[Black "Polak, Alexander"]
[Result "1/2-1/2"]
[WhiteElo "2206"]
[BlackElo "1852"]
[PlyCount "45"]
[EventDate "2012.05.15"]
[EventType "swiss"]
[EventRounds "7"]
[EventCountry "NED"]
[SourceTitle "EXT 2018"]
[Source "ChessBase"]
[SourceDate "2017.10.13"]
[SourceVersion "1"]
[SourceVersionDate "2017.10.13"]
[SourceQuality "1"]

1. Nf3 e6 2. e4 d5 3. exd5 exd5 4. d4 Nf6 5. c4 Be7 6. Nc3 0-0 7. h3 Re8 8. Be3 c6 9. Bd3 h6 10. 0-0 Be6 11. c5 Qc7 12. Qd2 b6 13. b4 bxc5 14. bxc5 Bd8 15. Ne5 Qc8 16. f4 Bf5 17. g4 Bxd3 18. Qxd3 h5 19. f5 hxg4 20. hxg4 Nbd7 21. Nxd7 Qxd7 22. g5 Ne4 23. Nxe4 1/2-1/2

[Event "Leiden SB-ch"]
[Site "Leiden"]
[Date "2012.06.05"]
[Round "4"]
[White "Van den Berg, Ad"]
[Black "Wantola, Ivo"]
[Result "1-0"]
[WhiteElo "2206"]
[BlackElo "2365"]
[PlyCount "67"]
[EventDate "2012.05.15"]
[EventType "swiss"]
[EventRounds "7"]
[EventCountry "NED"]
[SourceTitle "EXT 2018"]
[Source "ChessBase"]
[SourceDate "2017.10.13"]
[SourceVersion "1"]
[SourceVersionDate "2017.10.13"]
[SourceQuality "1"]

1. e4 c6 2. d4 d5 3. exd5 cxd5 4. Bd3 Qc7 5. Ne2 Nc6 6. Nbc3 Qd8 7. Bf4 a6 8. a3 g6 9. 0-0 Bg7 10. Qd2 f6 11. Rfe1 e5 12. dxe5 fxe5 13. Nxd5 Kf8 14. Bc4 Bf5 15. Be3 Rc8 16. Rad1 Nge7 17. Nxe7 Qxd2 18. Nxc8 Qxc2 19. Bc5+ Ke8 20. Nd6+ Kd8 21. Nxf5+ Kc7 22. Bd6+ Kb6 23. Ne3 Qe4 24. Nc3 Qh4 25. g3 Qh3 26. Ned5+ Ka7 27. Be2 b5 28. Ne4 Bh6 29. Bf3 Qe6 30. Bc5+ Kb8 31. Nb6 Nd4 32. Bxd4 exd4 33. Nc5 Qa2 34. Re7 1-0

[Event "Leiden SB-ch"]
[Site "Leiden"]
[Date "2012.05.29"]
[Round "3"]
[White "Van Briemen, Willem Jan"]
[Black "Van den Berg, Ad"]
[Result "0-1"]
[WhiteElo "2035"]
[BlackElo "2206"]
[PlyCount "62"]
[EventDate "2012.05.15"]
[EventType "swiss"]
[EventRounds "7"]
[EventCountry "NED"]
[SourceTitle "EXT 2018"]
[Source "ChessBase"]
[SourceDate "2017.10.13"]
[SourceVersion "1"]
[SourceVersionDate "2017.10.13"]
[SourceQuality "1"]

1. d4 f5 2. Nc3 d5 3. Bg5 c6 4. e3 Nf6 5. Bxf6 exf6 6. Bd3 Be6 7. Qf3 g6 8. Nge2 Bd6 9. h4 h5 10. Nf4 Bf7 11. g3 Nd7 12. Kf1 Qc7 13. Nce2 0-0-0 14. Kg2 Rdf8 15. Nh3 Kb8 16. Rac1 Rhg8 17. Kf1 c5 18. c4 cxd4 19. cxd5 Qa5 20. Nxd4 Bxd5 21. e4 Ne5 22. Qe2 Nxd3 23. Qxd3 fxe4 24. Qe3 Rc8 25. Kg2 Be5 26. a3 Bxd4 27. Qxd4 e3+ 28. f3 Rxc1 29. Rxc1 Qd2+ 30. Qxd2 exd2 31. Rd1 Rd8 0-1

[Event "Leiden SB-ch"]
[Site "Leiden"]
[Date "2012.05.16"]
[Round "1"]
[White "Van den Berg, Ad"]
[Black "Oosthout, Wouter"]
[Result "1/2-1/2"]
[WhiteElo "2206"]
[BlackElo "1857"]
[PlyCount "71"]
[EventDate "2012.05.15"]
[EventType "swiss"]
[EventRounds "7"]
[EventCountry "NED"]
[SourceTitle "EXT 2018"]
[Source "ChessBase"]
[SourceDate "2017.10.13"]
[SourceVersion "1"]
[SourceVersionDate "2017.10.13"]
[SourceQuality "1"]

1. c4 e5 2. Nc3 d6 3. Nf3 Nc6 4. d4 Bd7 5. e4 g6 6. d5 Nce7 7. Be2 Bg7 8. Be3 f5 9. exf5 Nxf5 10. Bg5 Bf6 11. h4 h6 12. Bxf6 Nxf6 13. Qc2 Rf8 14. 0-0-0 Ne7 15. Bd3 Bf5 16. Bxf5 gxf5 17. Qb3 b6 18. Rhe1 Qd7 19. Re2 Rg8 20. g3 a5 21. Rde1 0-0-0 22. Nd4 Rg4 23. Ncb5 Rdg8 24. Na7+ Kd8 25. Ne6+ Ke8 26. Nb5 c6 27. f3 Rxg3 28. dxc6 Nxc6 29. c5 bxc5 30. Rd2 Ne4 31. Rdd1 Nd4 32. Nbxd4 cxd4 33. Ng5 Nf6 34. Ne6 Qc6+ 35. Kb1 Qxf3 36. Nc7+ 1/2-1/2

[Event "Hessen-ch Seniors op 08th"]
[Site "Bad Sooden-Allendorf"]
[Date "2012.04.22"]
[Round "9"]
[White "Peleikis, Horst"]
[Black "Van den Berg, Ad"]
[Result "1/2-1/2"]
[WhiteElo "2081"]
[BlackElo "2220"]
[PlyCount "74"]
[EventDate "2012.04.14"]
[EventType "swiss"]
[EventRounds "9"]
[EventCountry "GER"]
[SourceTitle "EXT 2019"]
[Source "ChessBase"]
[SourceDate "2018.10.10"]
[SourceVersion "1"]
[SourceVersionDate "2018.10.10"]
[SourceQuality "1"]

1. e4 c5 2. Nf3 e6 3. Nc3 Nc6 4. d4 cxd4 5. Nxd4 Nf6 6. Ndb5 Bb4 7. a3 Bxc3+ 8. Nxc3 d5 9. exd5 exd5 10. Bd3 0-0 11. 0-0 d4 12. Ne4 Bf5 13. Bg5 Bxe4 14. Bxe4 h6 15. Bxf6 Qxf6 16. Re1 Rfe8 17. h3 Re5 18. Bxc6 Rxe1+ 19. Qxe1 Qxc6 20. Qd2 Rc8 21. Qxd4 Qxc2 22. Rd1 Re8 23. Qd2 Re2 24. Qxc2 Rxc2 25. Rd8+ Kh7 26. b4 Rc1+ 27. Kh2 Rc3 28. Rd7 Rxa3 29. Rxb7 f5 30. f3 f4 31. Rf7 Ra4 32. b5 Kg6 33. Rb7 Ra1 34. b6 axb6 35. Rxb6+ Kg5 36. Rb7 g6 37. Rb6 Ra5 1/2-1/2

[Event "Hessen-ch Seniors op 08th"]
[Site "Bad Sooden-Allendorf"]
[Date "2012.04.17"]
[Round "4"]
[White "Lenk, Wolfgang"]
[Black "Van den Berg, Ad"]
[Result "1/2-1/2"]
[WhiteElo "2221"]
[BlackElo "2220"]
[PlyCount "28"]
[EventDate "2012.04.14"]
[EventType "swiss"]
[EventRounds "9"]
[EventCountry "GER"]
[SourceTitle "EXT 2019"]
[Source "ChessBase"]
[SourceDate "2018.10.10"]
[SourceVersion "1"]
[SourceVersionDate "2018.10.10"]
[SourceQuality "1"]

1. e4 c5 2. Nf3 Nc6 3. Bb5 e5 4. 0-0 Nge7 5. c3 a6 6. Bc4 b5 7. Bd5 d6 8. d4 Rb8 9. Be3 c4 10. b3 Nxd5 11. exd5 exd4 12. Bxd4 Ne7 13. Re1 cxb3 14. axb3 f6 1/2-1/2

[Event "Wch Seniors 21st"]
[Site "Rijeka"]
[Date "2011.11.24"]
[Round "9"]
[White "Van Riemsdijk, Herman Claudius"]
[Black "Van den Berg, Ad"]
[Result "1-0"]
[WhiteElo "2404"]
[BlackElo "2218"]
[PlyCount "66"]
[EventDate "2011.11.15"]
[EventType "swiss"]
[EventRounds "11"]
[EventCountry "CRO"]
[SourceTitle "CBM 145 Extra"]
[Source "ChessBase"]
[SourceDate "2012.01.03"]
[SourceVersion "1"]
[SourceVersionDate "2012.01.03"]
[SourceQuality "1"]

1. e4 c5 2. Nf3 Nc6 3. d4 cxd4 4. Nxd4 Nf6 5. Nc3 d6 6. Bg5 e6 7. Qd2 a6 8. 0-0-0 Bd7 9. f3 h5 10. h4 Be7 11. Kb1 b5 12. Nxc6 Bxc6 13. Ne2 d5 14. Nd4 Bb7 15. e5 Nd7 16. Bxe7 Qxe7 17. f4 g6 18. Bd3 Rc8 19. Qe2 Qb4 20. c3 Qe7 21. a3 Kf8 22. g4 hxg4 23. Qxg4 Nc5 24. h5 gxh5 25. Rxh5 Rxh5 26. Qxh5 Ke8 27. f5 Kd7 28. Bc2 Kc7 29. f6 Qf8 30. Rg1 Kb6 31. Rg7 Rc7 32. Qg5 Qh8 33. Qg1 Qh6 1-0

[Event "Wch Seniors 21st"]
[Site "Rijeka"]
[Date "2011.11.21"]
[Round "6"]
[White "Van den Berg, Ad"]
[Black "Pritchett, Craig William"]
[Result "0-1"]
[WhiteElo "2218"]
[BlackElo "2343"]
[PlyCount "127"]
[EventDate "2011.11.15"]
[EventType "swiss"]
[EventRounds "11"]
[EventCountry "CRO"]
[SourceTitle "CBM 145 Extra"]
[Source "ChessBase"]
[SourceDate "2012.01.03"]
[SourceVersion "1"]
[SourceVersionDate "2012.01.03"]
[SourceQuality "1"]

1. e4 c5 2. Nf3 e6 3. Nc3 a6 4. g3 b5 5. Bg2 Bb7 6. d4 b4 7. Na4 cxd4 8. Nxd4 Qa5 9. b3 Nf6 10. Qd3 d5 11. exd5 Bxd5 12. Bxd5 Qxd5 13. 0-0 Nbd7 14. c4 bxc3 15. Nxc3 Qb7 16. Re1 Bc5 17. Bb2 0-0 18. Rad1 Rac8 19. Re2 Nb6 20. Qf3 Qxf3 21. Nxf3 Rfd8 22. Rxd8+ Rxd8 23. Ne5 Rc8 24. Nd3 Bd6 25. Ne4 Nxe4 26. Rxe4 Kf8 27. Be5 Bxe5 28. Nxe5 f6 29. Nd3 Ke7 30. Rg4 g5 31. Rb4 Rc6 32. h4 h6 33. Kg2 e5 34. h5 Kd6 35. a4 f5 36. a5 Nd5 37. Rb8 e4 38. Nb2 Rc2 39. Nc4+ Kc5 40. Rd8 f4 41. gxf4 gxf4 42. Kg1 Rc3 43. Rc8+ Kd4 44. Rd8 Rxb3 45. Nb6 Rb5 46. Rd6 Rxa5 47. Rxh6 Nxb6 48. Rxb6 Rxh5 49. Rxa6 Kd3 50. Kf1 Rh1+ 51. Kg2 Rc1 52. Ra3+ Rc3 53. Ra2 Rc2 54. Ra3+ Rc3 55. Ra2 Rc2 56. Ra3+ Ke2 57. Ra4 f3+ 58. Kg3 e3 59. Re4 Rc3 60. Ra4 Rd3 61. Ra1 Rd1 62. Ra2+ Rd2 63. Ra8 exf2 64. Re8+ 0-1

[Event "Vlissingen HZ op 15th"]
[Site "Vlissingen"]
[Date "2011.08.05"]
[Round "8"]
[White "Van Gemert, Rogier"]
[Black "Van den Berg, Ad"]
[Result "0-1"]
[WhiteElo "1904"]
[BlackElo "2244"]
[PlyCount "83"]
[EventDate "2011.07.30"]
[EventType "swiss"]
[EventRounds "9"]
[EventCountry "NED"]
[SourceTitle "CBM 143 Extra"]
[Source "ChessBase"]
[SourceDate "2011.08.29"]
[SourceVersion "1"]
[SourceVersionDate "2011.08.29"]
[SourceQuality "1"]

1. Nf3 f5 2. d4 Nf6 3. Bf4 e6 4. Nbd2 b6 5. e3 Be7 6. c3 0-0 7. Bc4 d5 8. Be2 c5 9. Ne5 Bd7 10. 0-0 Nc6 11. Rc1 c4 12. Qe1 b5 13. Ndf3 a5 14. Nxc6 Bxc6 15. Ne5 Qb6 16. f3 b4 17. g4 Nd7 18. Qg3 Nxe5 19. Bxe5 g6 20. Rf2 bxc3 21. bxc3 Qb2 22. Rcf1 Qxc3 23. f4 Ra7 24. h4 Bf6 25. gxf5 exf5 26. h5 Rg7 27. Rg2 Be8 28. Kh1 Qb4 29. Rfg1 Qe7 30. Qf3 Bxe5 31. fxe5 c3 32. Bd1 a4 33. Bc2 Qd7 34. Qf4 Qe6 35. Kh2 Kh8 36. Qh6 Rfg8 37. Qf4 a3 38. Qf3 Qe7 39. Kh3 Bd7 40. Kg3 gxh5+ 41. Kf2 Qh4+ 42. Kf1 0-1